Judicial review and the law of the constitution /

Saved in:
书目详细资料
主要作者: Snowiss, Sylvia
格式: 图书
出版: New Haven : Yale University Press, c1990.
主题:
标签: 添加标签
没有标签, 成为第一个标记此记录!

MARC

LEADER 00000pam a2200000 a 4500
005 20260415062334.0
020 |a 0300046650  |c TZS 16,165.80/= 
020 |a 8175340282 
020 |a 9788175340282 
040 |a MCCL  |b eng.  |e AACR 2nd rev. ed. 
082 0 0 |a 347.7312 SNO 
100 1 |a Snowiss, Sylvia, 
245 1 0 |a Judicial review and the law of the constitution /  |c Sylvia Snowiss. 
260 |a New Haven :  |b Yale University Press,  |c c1990. 
300 |a ix, 228 p. ;  |c 22 cm. 
504 |a Includes bibliographical references and index. 
650 0 |a Judicial review  |z United States. 
942 |c BK 
999 |c 12623  |d 12623